| 000 | 00478nam a2200157 i 4500 | ||
|---|---|---|---|
| 001 | 93174 | ||
| 003 | ES-MaACL | ||
| 005 | 20230906181135.0 | ||
| 007 | t| | ||
| 008 | 050408s1907 be ||||1| fre d | ||
| 100 | 1 |
_aLonchay, Henri. _973211 |
|
| 245 | 1 | 4 |
_aLes archives de Simancas au point de vue de l'Histoire des Pays-Bas au XVIIe siècle / _cpar Henri Lonchay. |
| 260 |
_aBruxelles : _bM. Weissenbruch, _c1907. |
||
| 300 |
_a45 p. ; _c22 cm. |
||
| 852 |
_aES-MaACL _j1751-F-16 |
||
| 999 |
_c93174 _d93174 |
||